[Event "EU-Cup 31st"]
[Site "Skopje"]
[Date "2015.10.23"]
[Round "6.5"]
[White "Iagar, Razvan Gabriel"]
[Black "Van den Hoogen, Arie"]
[Result "1-0"]
[WhiteElo "2172"]
[BlackElo "1968"]
[PlyCount "131"]
[EventDate "2015.10.18"]
[EventType "team-swiss"]
[EventRounds "7"]
[EventCountry "MKD"]
[SourceTitle "CBM 169"]
[Source "ChessBase"]
[SourceDate "2015.11.10"]
[SourceVersion "1"]
[SourceVersionDate "2015.11.10"]
[SourceQuality "1"]
[WhiteTeam "Dias Ferreira"]
[BlackTeam "En Passant"]
[WhiteTeamCountry "POR"]
[BlackTeamCountry "NED"]

1. d4 e6 2. c4 Bb4+ 3. Bd2 a5 4. Nf3 d5 5. Qc2 Nf6 6. a3 Be7 7. g3 0-0 8. Bg2 Nc6 9. b3 Ne4 10. Nc3 Bf6 11. e3 Nxc3 12. Bxc3 Re8 13. 0-0 Qe7 14. Nd2 Rd8 15. Bb2 g6 16. Rac1 dxc4 17. Nxc4 Bd7 18. Rfd1 Be8 19. Nd2 Rab8 20. Ne4 Bg7 21. Nc5 Rdc8 22. Nd3 Na7 23. Qc5 Qxc5 24. Nxc5 Bc6 25. Bxc6 Nxc6 26. Rd3 Nd8 27. Rdc3 Nc6 28. R3c2 Bf8 29. Nd7 Ra8 30. d5 exd5 31. Nf6+ Kg7 32. Nxd5+ Kg8 33. Nf6+ Kg7 34. Nd7+ Kg8 35. Nxf8 Kxf8 36. Kf1 Rd8 37. Ke2 Ke7 38. Rc5 Ke6 39. Rb5 Ra7 40. Rcc5 Rd6 41. Be5 Nxe5 42. Rxe5+ Kd7 43. Rxa5 Rxa5 44. Rxa5 Rc6 45. g4 Rc2+ 46. Kf3 c5 47. h4 Rc3 48. b4 cxb4 49. axb4 Rb3 50. Rd5+ Ke6 51. Rb5 Kf6 52. Rxb7 Rb2 53. b5 Rb4 54. Rb8 Rb2 55. b6 Rb5 56. b7 Rb2 57. Ke4 Rb1 58. g5+ Kg7 59. Ke5 Rb3 60. e4 Rb5+ 61. Kd6 Rb2 62. f4 Rb1 63. f5 h5 64. gxh6+ Kh7 65. fxg6+ fxg6 66. e5 1-0

[Event "EU-Cup 31st"]
[Site "Skopje"]
[Date "2015.10.21"]
[Round "4.5"]
[White "Van den Hoogen, Arie"]
[Black "Sparwel, Oliver"]
[Result "0-1"]
[WhiteElo "1968"]
[BlackElo "2063"]
[PlyCount "80"]
[EventDate "2015.10.18"]
[EventType "team-swiss"]
[EventRounds "7"]
[EventCountry "MKD"]
[SourceTitle "CBM 169"]
[Source "ChessBase"]
[SourceDate "2015.11.10"]
[SourceVersion "1"]
[SourceVersionDate "2015.11.10"]
[SourceQuality "1"]
[WhiteTeam "En Passant"]
[BlackTeam "Echternach Sprenger"]
[WhiteTeamCountry "NED"]
[BlackTeamCountry "LUX"]

1. e4 d6 2. d4 Nf6 3. Nc3 g6 4. f4 Bg7 5. Nf3 0-0 6. Bd3 c5 7. d5 Na6 8. a3 Nc7 9. 0-0 Rb8 10. a4 b6 11. Nb5 a6 12. Nxc7 Qxc7 13. c4 Bd7 14. Qe2 Rfc8 15. e5 Ne8 16. e6 fxe6 17. dxe6 Bc6 18. Ng5 Nf6 19. f5 h6 20. Nf7 g5 21. Ra3 b5 22. Bb1 Be8 23. Nxg5 hxg5 24. Bxg5 Bh5 25. Qd2 Ng4 26. Rg3 bxc4 27. f6 exf6 28. Rxf6 Rf8 29. Rxf8+ Rxf8 30. e7 Bd4+ 31. Be3 Qxe7 32. Bxd4 cxd4 33. h3 d3 34. hxg4 Bg6 35. Qh6 Qg7 36. Qg5 Qd4+ 37. Kh2 Kg7 38. Re3 Qf4+ 39. Qxf4 Rxf4 40. Kg3 Rd4 0-1

[Event "EU-Cup 31st"]
[Site "Skopje"]
[Date "2015.10.19"]
[Round "2.5"]
[White "Nieminen, Kari"]
[Black "Van den Hoogen, Arie"]
[Result "1/2-1/2"]
[WhiteElo "2119"]
[BlackElo "1968"]
[PlyCount "86"]
[EventDate "2015.10.18"]
[EventType "team-swiss"]
[EventRounds "7"]
[EventCountry "MKD"]
[SourceTitle "CBM 169"]
[Source "ChessBase"]
[SourceDate "2015.11.10"]
[SourceVersion "1"]
[SourceVersionDate "2015.11.10"]
[SourceQuality "1"]
[WhiteTeam "Matinkylan"]
[BlackTeam "En Passant"]
[WhiteTeamCountry "FIN"]
[BlackTeamCountry "NED"]

1. e4 e5 2. Nf3 Nc6 3. Bb5 a6 4. Ba4 Nf6 5. 0-0 b5 6. Bb3 d6 7. c3 Be7 8. Re1 0-0 9. h3 Na5 10. Bc2 c5 11. d4 Nd7 12. d5 Nb6 13. Nbd2 f5 14. exf5 Bxf5 15. Ne4 Kh8 16. Neg5 g6 17. Ne4 Nd7 18. Bh6 Rg8 19. Nfg5 Qe8 20. b3 Nb7 21. a4 b4 22. c4 Nf6 23. g4 Bxe4 24. Bxe4 Bf8 25. Bxf8 Qxf8 26. Qd2 Re8 27. Bg2 Nd8 28. f4 exf4 29. Qxf4 Kg7 30. Ne6+ Nxe6 31. dxe6 Qe7 32. Rad1 Rd8 33. Qf2 Rgf8 34. Qb2 Kg8 35. Kh1 Ne8 36. Rf1 Ng7 37. Bd5 Rxf1+ 38. Rxf1 Rf8 39. Re1 Ne8 40. Kg2 Ng7 41. Qe2 Rf6 42. Qe3 Rf8 43. Qe2 Rf6 1/2-1/2

[Event "Hilversum op-A"]
[Site "Hilversum"]
[Date "2010.07.04"]
[Round "9"]
[White "Van den Hoogen, Arie"]
[Black "Bloem, Mark"]
[Result "1-0"]
[WhiteElo "1998"]
[BlackElo "1905"]
[PlyCount "123"]
[EventDate "2010.06.26"]
[EventType "swiss"]
[EventRounds "9"]
[EventCountry "NED"]
[SourceTitle "CBM 137 Extra"]
[Source "ChessBase"]
[SourceDate "2010.09.01"]
[SourceVersion "1"]
[SourceVersionDate "2010.09.01"]
[SourceQuality "1"]

1. e4 c5 2. Nf3 e6 3. d4 cxd4 4. Nxd4 Nc6 5. Nc3 d6 6. Be2 Nf6 7. 0-0 Be7 8. Be3 e5 9. Nb3 0-0 10. f3 Be6 11. Qd2 d5 12. exd5 Nxd5 13. Nxd5 Qxd5 14. Rfd1 Nb4 15. a3 Qxd2 16. Rxd2 Nd5 17. Bc5 Rfc8 18. Bxe7 Nxe7 19. Rad1 g6 20. Kf2 Kg7 21. Nc1 Nc6 22. c3 Rd8 23. Ke3 Rxd2 24. Rxd2 Rd8 25. Rxd8 Nxd8 26. Nd3 f6 27. Nc5 Bd5 28. c4 Bc6 29. b4 a6 30. Bd1 f5 31. Bb3 g5 32. a4 f4+ 33. Kf2 b5 34. cxb5 axb5 35. a5 g4 36. Bc2 gxf3 37. gxf3 h5 38. a6 Ba8 39. a7 Kf6 40. Be4 Nc6 41. Na6 Ke7 42. Nb8 Nxa7 43. Bxa8 Kd6 44. Ke2 Nc8 45. Kd3 Ne7 46. Ke4 Ng8 47. Na6 Nf6+ 48. Kd3 Nd7 49. Be4 Nb6 50. Nc5 Nc4 51. Bg6 h4 52. Ne4+ Kc6 53. Be8+ Kb6 54. Nc3 Nd6 55. Bd7 Ka6 56. Be6 Kb6 57. Ne4 Ne8 58. Ng5 Nf6 59. Ne4 Ne8 60. Bd7 Nc7 61. Nc3 Ka6 62. Ke4 1-0

[Event "Hilversum op-A"]
[Site "Hilversum"]
[Date "2010.07.01"]
[Round "6"]
[White "Bonoo, Iwan"]
[Black "Van den Hoogen, Arie"]
[Result "1/2-1/2"]
[WhiteElo "1949"]
[BlackElo "1998"]
[PlyCount "80"]
[EventDate "2010.06.26"]
[EventType "swiss"]
[EventRounds "9"]
[EventCountry "NED"]
[SourceTitle "CBM 137 Extra"]
[Source "ChessBase"]
[SourceDate "2010.09.01"]
[SourceVersion "1"]
[SourceVersionDate "2010.09.01"]
[SourceQuality "1"]

1. d4 d5 2. c4 e6 3. Nf3 c6 4. Nc3 Nf6 5. Bg5 Be7 6. e3 Nbd7 7. Rc1 0-0 8. Bd3 dxc4 9. Bxc4 Nd5 10. Bxe7 Qxe7 11. 0-0 Nxc3 12. Rxc3 e5 13. dxe5 Nxe5 14. Nxe5 Qxe5 15. Qb3 Qe7 16. a4 b6 17. Rd1 Bf5 18. f3 Rad8 19. e4 Rxd1+ 20. Qxd1 Rd8 21. Qc2 Bd7 22. Ba2 Be8 23. Bc4 Rd4 24. Rd3 Qc5 25. Rxd4 Qxd4+ 26. Kf1 Kf8 27. g3 f6 28. b3 Ke7 29. Qc1 g5 30. Ke2 Kd6 31. Qa3+ c5 32. Qc1 Bh5 33. Bd5 h6 34. h4 Be8 35. hxg5 hxg5 36. Bc4 Bd7 37. Qe3 a5 38. Qd3 Ke5 39. Qe3 Qb2+ 40. Ke1 Qa1+ 1/2-1/2